UBT Library

Communications in business / (Record no. 39734)

000 -LEADER
fixed length control field 00503pam a2200205 a 4500
001 - CONTROL NUMBER
control field 2422492
005 - DATE AND TIME OF LATEST TRANSACTION
control field 20180104074934.0
008 - FIXED-LENGTH DATA ELEMENTS--GENERAL INFORMATION
fixed length control field 870819s1988 maua 001 0 eng
010 ## - LIBRARY OF CONGRESS CONTROL NUMBER
LC control number 87022721
020 ## - INTERNATIONAL STANDARD BOOK NUMBER
International Standard Book Number 0534871674
040 ## - CATALOGING SOURCE
Original cataloging agency DLC
Transcribing agency DLC
Modifying agency DLC
041 ## - LANGUAGE CODE
Language code of text/sound track or separate title eng
080 ## - UNIVERSAL DECIMAL CLASSIFICATION NUMBER
Universal Decimal Classification number 651.74 WEL
082 00 - DEWEY DECIMAL CLASSIFICATION NUMBER
Classification number 651.74 WEL
Edition number 19
100 1# - Rafti
Rafti 59
101 ## - Shkurtesa
Shkurtesa BUS
245 10 - TITLE STATEMENT
Title Communications in business /
Statement of responsibility, etc Walter Wells.
906 ## - LOCAL DATA ELEMENT F, LDF (RLIN)
a 7
b cbc
c orignew
d 1
e ocip
f 19
g y-gencatlg
942 ## - ADDED ENTRY ELEMENTS (KOHA)
Source of classification or shelving scheme
Item type Books
Holdings
Withdrawn status Lost status Source of classification or shelving scheme Damaged status Not for loan Collection code Permanent location Current location Shelving location Date acquired Total Checkouts Full call number Barcode Date last seen Price effective from Koha item type
          Koleksioni i përgjithshem UBT - Lipjan UBT - Lipjan Koleksioni i përgjithshem 01/04/2018   651.74 WEL 002-2939739 01/04/2018 01/04/2018 Books
UBT Library © 2015-2024. All rights reserved University Education for Business and Technology